|
|
|
|
| LEADER |
01088cam a2200265 7i4500 |
| 001 |
0000056659 |
| 005 |
20201217090000.0 |
| 020 |
|
|
|a 9783030290535 (electronic book)
|
| 090 |
0 |
0 |
|a QA76.9.A25
|b E89 2020
|
| 245 |
0 |
4 |
|a The ethics of cybersecurity
|c Markus Christen, Bert Gordijn, Michele Loi, editors.
|
| 300 |
|
|
|a 1 online resource (384 pages):
|b text file, PDF.
|
| 336 |
|
|
|a text
|2 rdacontent
|
| 337 |
|
|
|a computer
|2 rdamedia
|
| 338 |
|
|
|a online resource
|2 rdacarrier
|
| 490 |
0 |
|
|a The International library of ethics, law and technology;
|v 21
|
| 650 |
|
0 |
|a Computer security --
|x Moral and ethical aspects
|
| 650 |
|
0 |
|a Engineering ethics
|
| 655 |
|
0 |
|a Electronic books
|
| 700 |
1 |
|
|a Christen, Markus
|
| 700 |
1 |
|
|a Gordijn, Bert
|
| 700 |
1 |
|
|a Loi, Michele
|
| 856 |
4 |
2 |
|u http://library.unisel.edu.my/equip-unisel/custom/ebook_catalog/TheEthicsOfCyberSecurity.pdf
|
| 997 |
|
|
|a Communication, Visual Art & Computing, Faculty
|b Computing, Department
|
| 998 |
|
|
|a Computer Science (Network Security and Digital Forensic), Degree
|
| 999 |
|
|
|a EBO0002855
|b EBOOK
|c EBOOK
|e Electronic resources
|